Sir Banister Fletcher's a history of architecture / (Record no. 1882)
[ view plain ]
| 000 -LEADER | |
|---|---|
| fixed length control field | 01102nac a22002771i 4500 |
| 003 - CONTROL NUMBER IDENTIFIER | |
| control field | EG-ScBUE |
| 005 - DATE AND TIME OF LATEST TRANSACTION | |
| control field | 20240324112150.0 |
| 008 - FIXED-LENGTH DATA ELEMENTS--GENERAL INFORMATION | |
| fixed length control field | 130402r19991996ii a f b 001 0 eng d |
| 020 ## - INTERNATIONAL STANDARD BOOK NUMBER | |
| International Standard Book Number | 9788123906416 |
| 020 ## - INTERNATIONAL STANDARD BOOK NUMBER | |
| International Standard Book Number | 8123906412 |
| 040 ## - CATALOGING SOURCE | |
| Original cataloging agency | EG-ScBUE |
| Language of cataloging | eng |
| Description conventions | rda |
| Transcribing agency | EG-ScBUE |
| Modifying agency | EG-ScBUE |
| 082 04 - DEWEY DECIMAL CLASSIFICATION NUMBER | |
| Classification number | 720.9 |
| Item number | FLE |
| Edition number | 22 |
| 100 1# - MAIN ENTRY--PERSONAL NAME | |
| Personal name | Fletcher, Banister, |
| Titles and other words associated with a name | Sir, |
| Dates associated with a name | 1866-1953, |
| Relator term | author. |
| 9 (RLIN) | 33025 |
| 245 10 - TITLE STATEMENT | |
| Title | Sir Banister Fletcher's a history of architecture / |
| Statement of responsibility, etc | edited by Dan Cruickshank. |
| 250 ## - EDITION STATEMENT | |
| Edition statement | Twentieth edition, |
| Remainder of edition statement | reprinted edition. |
| 264 #1 - PUBLICATION, DISTRIBUTION, ETC. (IMPRINT) | |
| Place of publication, distribution, etc | New Delhi : |
| Name of publisher, distributor, etc | CBS Publishers & Distributors Pvt. Ltd., |
| Date of publication, distribution, etc | 1999. |
| 300 ## - PHYSICAL DESCRIPTION | |
| Extent | xxxviii, 1794 pages : |
| Other physical details | illustrations ; |
| Dimensions | 26 cm |
| 504 ## - BIBLIOGRAPHY, ETC. NOTE | |
| Bibliography, etc | Includes bibliographical references and index. |
| 650 #7 - SUBJECT ADDED ENTRY--TOPICAL TERM | |
| Topical term or geographic name as entry element | Architecture |
| General subdivision | History. |
| Source of heading or term | BUEsh |
| 9 (RLIN) | 33026 |
| 653 ## - INDEX TERM--UNCONTROLLED | |
| Resource For college | Engineering, Architecture |
| 655 ## - INDEX TERM--GENRE/FORM | |
| Form subdivision | Reading book |
| 700 1# - ADDED ENTRY--PERSONAL NAME | |
| Personal name | Cruickshank, Dan, |
| Relator term | editor. |
| 9 (RLIN) | 33027 |
| 856 42 - ELECTRONIC LOCATION AND ACCESS | |
| Materials specified | Publisher description |
| Uniform Resource Identifier | <a href="http://www.loc.gov/catdir/description/els032/96035511.html">http://www.loc.gov/catdir/description/els032/96035511.html</a> |
| 856 42 - ELECTRONIC LOCATION AND ACCESS | |
| Materials specified | Table of contents |
| Uniform Resource Identifier | <a href="http://www.loc.gov/catdir/toc/els032/96035511.html">http://www.loc.gov/catdir/toc/els032/96035511.html</a> |
| 942 ## - ADDED ENTRY ELEMENTS (KOHA) | |
| Koha item type | Book - Borrowing |
| Source of classification or shelving scheme | Dewey Decimal Classification |
| Withdrawn status | Lost status | Source of classification or shelving scheme | Damaged status | Not for loan | Collection code | Home library | Current library | Shelving location | Date acquired | Source of acquisition | Cost, normal purchase price | Total Checkouts | Total Renewals | Full call number | Barcode | Date last seen | Date checked out | Cost, replacement price | Price effective from | Koha item type | Public note |
|---|---|---|---|---|---|---|---|---|---|---|---|---|---|---|---|---|---|---|---|---|---|
| Dewey Decimal Classification | Central Library | Central Library | Second Floor | 04/02/2007 | 600.00 | 11 | 40 | 720.9 FLE | 000002351 | 15/07/2025 | 26/06/2022 | 750.00 | 04/02/2007 | Book - Borrowing | |||||||
| Dewey Decimal Classification | Central Library | Central Library | Second Floor | 04/02/2007 | 600.00 | 12 | 1 | 720.9 FLE | 000001021 | 15/07/2025 | 12/03/2018 | 750.00 | 28/03/2007 | Book - Borrowing | |||||||
| Dewey Decimal Classification | Donation-Gift | Central Library | Central Library | Second Floor | 24/03/2024 | Donation | 720.9 FLE | 000057073 | 12/01/2026 | 24/03/2024 | Book - Borrowing | Donation from Reem Nabil |